Théorie des changes (Record no. 91261)

MARC details
000 -LEADER
campo de control de longitud fija 00601nam a2200181 i 4500
001 - NÚMERO DE CONTROL
campo de control 91261
003 - IDENTIFICADOR DE NÚMERO DE CONTROL
campo de control ES-MaACL
005 - FECHA Y HORA DE LA ÚLTIMA TRANSACCIÓN
campo de control 20230906180658.0
007 - CAMPO FIJO DE DESCRIPCIÓN FÍSICA--INFORMACIÓN GENERAL
campo de control de longitud fija t|
008 - DATOS DE LONGITUD FIJA--INFORMACIÓN GENERAL
campo de control de longitud fija 050128s1920 fr ||||1| fre d
100 1# - ENTRADA PRINCIPAL--NOMBRE DE PERSONA
Nombre de persona Le Poittevin, Henri.
9 (RLIN) 70911
245 10 - MENCIÓN DEL TÍTULO
Título Théorie des changes
Resto del título : arbritages et Parités /
Mención de responsabilidad, etc. Henri Le Poittevin, Camille Hautier [et] Jules Salomon.
260 ## - PUBLICACIÓN, DISTRIBUCIÓN, ETC.
Lugar de publicación, distribución, etc. Paris :
Nombre del editor, distribuidor, etc. [s.n.,
Fecha de publicación, distribución, etc. 1920] (
Lugar de fabricación/manufactura Villeneuve-St. Georges :
Fabricante L'Union Typographique)
300 ## - DESCRIPCIÓN FÍSICA
Extensión 187 p. ;
Dimensiones 23 cm.
700 1# - ENTRADA AGREGADA--NOMBRE PERSONAL
Nombre de persona Hautier, Camille.
9 (RLIN) 62135
700 1# - ENTRADA AGREGADA--NOMBRE PERSONAL
Nombre de persona Salomon, Jules.
9 (RLIN) 102025
852 ## - LOCALIZACIÓN
Ubicación ES-MaACL
Número de control de estantería B-5606
Holdings
Estatus retirado Estado de pérdida Estado de daño No para préstamo Biblioteca de origen Biblioteca actual Ubicación en estantería Fecha de adquisición Fuente de adquisición Total de préstamos Signatura topográfica completa Código de barras Visto por última vez Precio de reemplazo Tipo de ítem Koha
        Biblioteca del Ateneo de Madrid Biblioteca del Ateneo de Madrid Sala Pardo Bazán 17/01/2008     B-5606 1095282 23/02/2023 23/02/2023 Libro impreso